000 00553nam a22001817a 4500
003 0
005 20240923111712.0
008 240923b xxu||||| |||| 00| 0 eng d
020 _a978-93-575149-7-2
050 _aLB 1570
_b.P36 2024
100 _aPandey, Kamlesh
245 _aCurriculum and development in physical; education
_cPandey, Kamlesh
260 _aNew Delhi India
_bRandom Publications
_cC2024
300 _aix, 288p.
_c24cm.
500 _aEducation--curricula.
650 _aIncludes bibliographical references & index.
942 _2lcc
_cBK
999 _c366331
_d366331